Statistiques concernant Les séries TV dans le milieu médical

Cliquez ici pour prendre le quiz!

Statistiques générales

  • Ce quiz a été pris 274 fois
  • Le résultat moyen est 7 sur 16

Statistiques - réponses

Réponse% Correct
Grey's Anatomy
96%
Dr House
92%
H
89%
Good Doctor
78%
Doc
67%
Urgences
65%
New Amsterdam
50%
Docteur Quinn : Femme médecin
43%
Chicago Med
42%
The Resident
41%
Scrubs
35%
Nip/Tuck
16%
Hippocrate
14%
Nurse Jackie
4%
The Knick
2%
Complications
1%

Distribution des résultats

Percentile par nombre de réponses

% des personnes avec chaque résultat

Votre développement - résultats

Vous n’avez pas pris ce quiz